Lví král /

Vyprávění ze světa říše zvířat o zradě, přátelství a spravedlnosti.

Uloženo v:
Hlavní autor: Bazaldua, Barbara (Autor)
Korporativní autor: Disney Storybook Artists (Ilustrátor)
Další autoři: Kučerová, Eva (Autor)
Médium: Kniha
Jazyk:Czech
Vydáno: V Praze : Egmont, 2024
Vydání:1. vydání
Edice:Disney (Egmont)
Témata:
Celkem bylo vypůjčeno:0x
Tagy:
Žádné tagy
LEADER 02230nam a2200481 i 4500
001 106491
003 CZ PrNK
005 20260604161459.0
007 ta
008 240404s2024 xr a b 000 j cze
015 |a cnb003598978 
020 |a 9788025257401  |q (vázáno) :  |c Kč 329,00 
040 |a ABG001  |b cze  |e rda 
041 1 |a cze  |h eng 
072 7 |a 821-93  |x Literatura pro děti a mládež (beletrie)  |2 Konspekt  |9 26 
080 |a 821-32  |2 MRF 
080 |a 821-93  |2 MRF 
080 |a (0:82-32)  |2 MRF 
100 1 |a Bazaldua, Barbara  |7 kv2014850316  |4 aut  |9 30527 
240 1 0 |a Lion king.  |l Česky 
245 1 0 |a Lví král /  |c z anglického originálu přeložila Eva Kučerová 
250 |a 1. vydání 
264 1 |a V Praze :  |b Egmont,  |c 2024 
300 |a 95 stran :  |b barevné ilustrace ;  |c 28 cm 
336 |a text  |b txt  |2 rdacontent 
336 |a statický obraz  |b sti  |2 rdacontent 
337 |a bez média  |b n  |2 rdamedia 
338 |a svazek  |b nc  |2 rdacarrier 
490 1 |a Disney 
500 |a Adaptace Barbara Bazaldua, ilustrace Disney Storybook Art Team 
520 2 |a Vyprávění ze světa říše zvířat o zradě, přátelství a spravedlnosti.  |b Jednoho dne se ve Lvím království Mufasovi a Sarabi narodí budoucí král - lvíček Simba. To se nelíbí Scarovi, bratrovi současného krále všech zvířat. Scar má na trůn už dlouho zálusk. Proto se snaží vylákat Simbu do pasti a nebezpečí. Mufas při jeho záchraně zahyne. Malému Simbovi Scar poví, že to byla jen jeho vina, že musí odejít a nikdy se nevracet, a sám se pak ujme vlády. Simba se ale jako dospělý lev vrátí a získá to, co mu právem náleží. 
521 8 |a Pro děti od 4 let 
655 7 |a příběhy  |7 fd133204  |2 czenas  |9 357 
655 7 |a publikace pro děti  |7 fd133156  |2 czenas  |9 23 
655 9 |a stories  |2 eczenas 
655 9 |a children's literature  |2 eczenas 
700 1 |a Kučerová, Eva  |7 jx20040629031  |4 trl  |9 24125 
710 2 |a Disney Storybook Artists  |7 mzk2009490531  |4 ill  |9 642 
830 0 |a Disney (Egmont) 
910 |a UOG502 
942 |2 ddc  |c KN 
999 |d 106491 
993 |0 0  |1 421180107211  |2 ddc  |4 0  |6 M  |7 0  |9 99935  |b 0  |c 107211  |d 2026-06-04  |e 0  |f M  |g M  |h 329.00  |i Koupě  |l M  |r 2026-06-04  |t 8  |w 2026-06-04  |y KN  |z BELET  |n